Datum a čas kvízu
15.5
Celkem bodů
Celkový počet nahraných bodů na tomto kvízu bez doplňovacích otázek.
4.
Pořadí na kvízu
Konečné umístění týmu na tomto kvízu.
Zaznamenané odpovědi
| # | Otázka | Odpověď | Body | Výsledky |
|---|---|---|---|---|
| 1. | Portréty prvních dam jsou oblí... | o Livii Klausové | 0 | |
| 2. | Britské bankovky budou mít nov... | C | 0 | |
| 3. | Tento muž bude reprezentovat Č... | Daniel Žižka | 0 | |
| 4. | Která společnost patřící do na... | Orlen Unipetrol | 0 | |
| 5. | Kazachstánský tenista Alexandr... | rukojetí rakety | 0 | |
| 6. | Nejrozšířenějším „národním spo... | D | 0 | |
| 7. | Za národní sport lze považovat... | národní házená (česká házená) | 0 | |
| 8. | Některé země mají svůj národní... | lakros | 1 | |
| 9. | U uzákoněných národních sportů... | polo; basketbal | 0.5 | |
| 10. | I medailové úspěchy z olympijs... | D | 1 |